000 00937nam a2200229Ia 4500
003 Ost
005 20260507075441.0
008 260507s9999||||xx |||||||||||||| ||und||
020 _a9771764896
040 _cfsecg
041 _aara
082 _a338.45
100 _aالنجار، ابراهيم عبد العزيز
_eمؤلف
245 0 _aالازمة المالية والاصلاح النظام المالي العالمي /
_c ابراهيم عبد العزيز النجار
260 _aالاسكندرية:
_bالدار الجامعية,
_c2009
300 _a231 صفحة؛
_bإيضاحات ؛
_c24 سم
504 _aببليوغرافيا: ص.213-226
520 _aالاطار العام للأزمة المالية العالمية، نحو منظور جديد للنظام المالي العالمي
653 _aالأزمات الإقتصادية
653 _aالنظام النقدي
942 _cكتاب
999 _c44561
_d44561